Apología de los hermanos dominicos contra la "Concordia" de Luis de Molina / (Record no. 67567)

MARC details
000 -LEADER
campo de control de longitud fija 01154nam a2200313 i 4500
001 - NÚMERO DE CONTROL
campo de control 67567
003 - IDENTIFICADOR DE NÚMERO DE CONTROL
campo de control ES-MaACL
005 - FECHA Y HORA DE LA ÚLTIMA TRANSACCIÓN
campo de control 20250828063244.0
007 - CAMPO FIJO DE DESCRIPCIÓN FÍSICA--INFORMACIÓN GENERAL
campo de control de longitud fija t|
008 - DATOS DE LONGITUD FIJA--INFORMACIÓN GENERAL
campo de control de longitud fija 040604s2003 sp |||| | spa d
020 ## - NÚMERO INTERNACIONAL ESTÁNDAR DEL LIBRO
Número Internacional Estándar del Libro 84-930676-9-5 Fundación Gustavo Bueno
020 ## - NÚMERO INTERNACIONAL ESTÁNDAR DEL LIBRO
Número Internacional Estándar del Libro 84-7848-513-9 Pentalfa Ediciones
080 ## - NÚMERO DE LA CLASIFICACIÓN DECIMAL UNIVERSAL
Número de la Clasificación Decimal Universal 23 Molina, Luis de
080 ## - NÚMERO DE LA CLASIFICACIÓN DECIMAL UNIVERSAL
Número de la Clasificación Decimal Universal 231.52
080 ## - NÚMERO DE LA CLASIFICACIÓN DECIMAL UNIVERSAL
Número de la Clasificación Decimal Universal 234.9
100 0# - ENTRADA PRINCIPAL--NOMBRE DE PERSONA
Nombre de persona Báñez, Domingo,
Fechas asociadas al nombre 1528-1604
9 (RLIN) 25230
245 10 - MENCIÓN DEL TÍTULO
Título Apología de los hermanos dominicos contra la "Concordia" de Luis de Molina /
Mención de responsabilidad, etc. Domingo Báñez ; traducción, introducción y apéndice por Juan Antonio Hevia Echevarría.
260 ## - PUBLICACIÓN, DISTRIBUCIÓN, ETC.
Lugar de publicación, distribución, etc. Oviedo :
Nombre del editor, distribuidor, etc. Fundación Gustavo Bueno :
-- Pentalfa,
Fecha de publicación, distribución, etc. [2003]
300 ## - DESCRIPCIÓN FÍSICA
Extensión 347 p. ;
Dimensiones 23 cm.
490 1# - MENCIÓN DE SERIE
Mención de serie Filosofía en español
600 04 - PUNTO DE ACCESO ADICIONAL DE MATERIA--NOMBRE DE PERSONA
Nombre de persona Molina, Luis de,
Fechas asociadas al nombre 1535-1600-
Subdivisión general Crítica e interpretación
9 (RLIN) 81896
650 14 - PUNTO DE ACCESO ADICIONAL DE MATERIA--TÉRMINO DE MATERIA
Término de materia o nombre geográfico como elemento de entrada Providencia divina.
9 (RLIN) 16525
650 #4 - PUNTO DE ACCESO ADICIONAL DE MATERIA--TÉRMINO DE MATERIA
Término de materia o nombre geográfico como elemento de entrada Predestinación.
9 (RLIN) 16341
700 1# - ENTRADA AGREGADA--NOMBRE PERSONAL
Nombre de persona Hevia Echevarría, Juan Antonio.
9 (RLIN) 63506
710 2# - ENTRADA AGREGADA--NOMBRE DE ENTIDAD CORPORATIVA
Nombre de entidad corporativa o nombre de jurisdicción como elemento de entrada Fundación Gustavo Bueno.
9 (RLIN) 4316
830 0# - PUNTO DE ACCESO ADICIONAL DE SERIE-TÍTULO UNIFORME
Título uniforme Filosofía en español
9 (RLIN) 183189
852 ## - LOCALIZACIÓN
Ubicación ES-MaACL
Número de control de estantería L-27788
Holdings
Estatus retirado Estado de pérdida Estado de daño No para préstamo Biblioteca de origen Biblioteca actual Ubicación en estantería Fecha de adquisición Fuente de adquisición Total de préstamos Signatura topográfica completa Código de barras Visto por última vez Precio de reemplazo Tipo de ítem Koha
        Biblioteca del Ateneo de Madrid Biblioteca del Ateneo de Madrid Depósito 2 17/01/2008     L-27788 1070748 23/02/2023 23/02/2023 Libro impreso